Northernmost City (Europe) Quiz Stats

Quiz Updated Aug 25, 2016

Challenge
Share
Tweet
Embed
Score 0/30 Timer 08:00
16 Plays Today
Country Northernmost % Correct
United Kingdom - (A) Belfast or (B) London???
86.5%
Italy - (A) Milan or (B) Rome???
85.2%
France - (A) Paris or (B) Marseille???
83.6%
Norway - (A) Oslo or (B) Trondheim???
76.8%
Turkey - (A) Istanbul or (B) Ankara???
74.8%
Greece - (A) Athens or (B) Thessaloniki???
74%
Russia - (A) Moscow or (B) St. Petersburg???
74%
Netherlands - (A) Amsterdam or (B) Rotterdam???
73.8%
Germany - (A) Berlin or (B) Hamburg???
72.4%
Ukraine - (A) Kyiv or (B) Odessa???
71.1%
Finland - (A) Helsinki or (B) Turku???
70.2%
Belgium - (A) Antwerp or (B) Brussels???
69.2%
Ireland - (A) Cork or (B) Dublin???
68.3%
Poland - (A) Gdańsk or (B) Warsaw???
68%
Estonia - (A) Tallinn or (B) Tartu???
66.1%
Country Northernmost % Correct
Portugal - (A) Lisbon or (B) Porto???
66%
Croatia - (A) Split or (B) Zagreb???
61.8%
Serbia - (A) Belgrade or (B) Niš???
61.5%
Denmark - (A) Aalborg or (B) Copenhagen???
60.5%
Czechia - (A) Brno or (B) Prague???
58.4%
Cyprus - (A) Nicosia or (B) Limassol???
57.2%
Sweden - (A) Malmö or (B) Stockholm???
55.6%
Spain - (A) Madrid or (B) Zaragoza???
54.8%
Romania - (A) Brașov or (B) Bucharest???
54.4%
Switzerland - (A) Bern or (B) Zürich???
53.9%
Slovakia - (A) Košice or (B) Bratislava???
52.7%
Bulgaria - (A) Plovdiv or (B) Sofia???
46.9%
Lithuania - (A) Kaunas or (B) Vilnius???
44.9%
Austria - (A) Salzburg or (B) Vienna???
41.8%
Belarus - (A) Minsk or (B) Vitebsk???
37.3%

You're not logged in!

Compare scores with friends on all Sporcle quizzes.
Join for Free
OR
Log In

You Might Also Like...

Show Comments

Extras

Top Quizzes Today


Score Distribution

Your Account Isn't Verified!

In order to create a playlist on Sporcle, you need to verify the email address you used during registration. Go to your Sporcle Settings to finish the process.

Report this User

Report this user for behavior that violates our Community Guidelines.

Details: